000 00454nam a2200157 i 4500
001 90699
003 ES-MaACL
005 20230906180533.0
007 t|
008 050124q1913 fr ||||1| fre d
100 1 _aLeibniz, Gottfried Wilhelm
_cFreiherr von.
_971367
245 1 0 _aNoveau essais sur l'entendement humain /
_cLeibniz.
260 _aParis :
_bFlammarion,
_c[1913?] (
_fHemmerlé)
300 _a592 p. ;
_c19 cm.
852 _aES-MaACL
_jG-1975
999 _c90699
_d90699